000 00789nam a2200229Ia 4500
001 3824
003 GE_BSU
008 181216s||||||||xx |||||||||||||| ||und||
040 _cGE_BSU
080 _a2–1(470)(09)
100 _aბაქრაძე, ა.
245 _aXIX-XX. რუსული რელიგიური ფილოსოფიის კრიტიკა.
245 _bფილოსიის ინ–ტი.
245 _cრედ. ო. ტაბიძე.
260 _aთბილისი
260 _bმეცნიერება
260 _c1982
300 _a185 გვ. 21 სმ.
541 _h3 ლ.
653 _aXIX-XX. რუსული რელიგიური ფილოსოფიის კრიტიკა.
942 _cBK
999 _c37846
_d37846